01482 2200361 4500001002100000005001500021035002000036007000300056008004100059020001800100082001300118084001900131245014000150300002500290502043700315600002000752264004300772336002100815337003000836338002300866100003400889700003700923990001600960990001600976990001600992990001601008990001601024990001601040990001601056990001601072990001601088990001601104INLIS00000000000005020260507095045 a0010-0426000049ta260507 e f ind  a9786235111506 a899.2213 a899.2213 ABD s1 aSepotong cinta : ketika cinta berselimut kepentingan hanya akan melahirkan konflik /cAbdul Azizurrahman ; editor, Dr. Abdullah Muzakar a268 halaman ;c20 cm aBuku ini merupakan karya fiksi yang mengisahkan hubungan cinta yang dipengaruhi oleh berbagai kepentingan sehingga memunculkan konflik dalam kehidupan tokoh-tokohnya. Cerita menggambarkan dinamika hubungan antarpribadi, pergulatan emosi, serta dampak dari kepentingan yang tersembunyi di balik cinta. Dengan alur yang emosional dan reflektif, buku ini menyajikan kisah tentang cinta, pengorbanan, dan konflik dalam kehidupan sosial. 4aFiksi Indonesia aYogyakarta :bHikam Media Utama,c2024 2rdacontentaTeks 2rdamediaaTanpa Perantara 2rdacarrieraVolume0 aAbdul AzizurrahmanePengarang0 aDr. Abdullah MuzakarePenyunting aPT000490/25 aPC000049/25 aAT000144/25 aTT000539/25 aSP000583/25 aAP000612/25 aPP001168/25 aNM003248/25 aAP003792/24 aAP003790/24